000 00298nam a22001337a 4500
008 170828b xxu||||| |||| 00| 0 eng d
020 _a9780205387014
041 _aeng
080 _a070
100 _a39
101 _aMED
245 _aTHE MEDIA IN YOUR LIFE
_cFOLKERS.J
942 _2udc
_cBK
999 _c25191
_d25191